Handicapy a model výpočtu pravdepodobnosti z kurzu

Model prevodu známych kurzov na pravdepodobnosti. Porovnanie bodového rozpätia stanoveného stávkovou kanceláriou so skutočným výsledkom zápasu NBA. Pravdepodobnostný model.

Uložené v:
Podrobná bibliografia
Hlavný autor: Rybanský, Ľubomír
Médium: Kapitola
Jazyk:Slovak
Predmet:
Tagy: Pridať tag
Žiadne tagy, Buďte prvý, kto otaguje tento záznam!

MARC

LEADER 00000naa$a2200000$$$4500
001 0117123
005 20220715093636.1
041 0 |a slo 
044 |a SK 
245 1 0 |a Handicapy a model výpočtu pravdepodobnosti z kurzu  |c Ľubomír Rybanský 
520 |a Model prevodu známych kurzov na pravdepodobnosti. Porovnanie bodového rozpätia stanoveného stávkovou kanceláriou so skutočným výsledkom zápasu NBA. Pravdepodobnostný model. 
610 2 0 |a hypotézy štatistické 
610 2 0 |a testovanie hypotéz 
610 2 0 |a šport 
610 2 0 |a metódy štatistické 
610 2 0 |a štatistika 
100 1 |a Rybanský, Ľubomír